| 000 | 00885 a2200229 4500 | ||
|---|---|---|---|
| 003 | Nust | ||
| 005 | 20170207154049.0 | ||
| 010 | _a 2006003873 | ||
| 020 | _a0415407702 (hb) | ||
| 040 | _cNust | ||
| 082 | 0 | 0 | _a174.4 |
| 100 | 1 | _aJohan J. Graafland. | |
| 245 | 1 | 0 |
_aEconomics, ethics and the market (E-BooK) _bintroduction and applications / _cJohan J. Graafland. |
| 260 |
_aLondon ; _aNew York : _bRoutledge, _c2005. |
||
| 300 | _axvi,443p; | ||
| 505 | _aPART I: Markets and economics (Page-1) PART II: Markets and ethics (Page-147) PART III: Applications (Page-269) | ||
| 650 | 0 |
_aEconomics _xMoral and ethical aspects. |
|
| 650 | 0 | _aNeoclassical school of economics. | |
| 651 | _a(E-Book) | ||
| 856 | 4 | 1 |
_3Publisher description _uhttp://www.loc.gov/catdir/enhancements/fy0704/2006003873-d.html |
| 856 | 4 | 1 |
_3Table of contents only _uhttp://www.loc.gov/catdir/toc/ecip067/2006003873.html |
| 942 |
_2ddc _cBK |
||
| 999 |
_c193033 _d193033 |
||